000
00254nam a22001217a 4500
008
171123b xxu||||| |||| 00| 0 eng d
041
_a
eng
080
_a
62
100
_a
26
101
_a
IM
245
_a
HOME ENERGY HOW-TO
_c
HAND,A.J
942
_2
udc
_c
BK
999
_c
38410
_d
38410